Los irresponsables (Record no. 174020)

MARC details
000 -LEADER
campo de control de longitud fija 00911namaa22001931 4500
001 - NÚMERO DE CONTROL
campo de control 174020
003 - IDENTIFICADOR DE NÚMERO DE CONTROL
campo de control ES-MaACL
005 - FECHA Y HORA DE LA ÚLTIMA TRANSACCIÓN
campo de control 20250824074931.0
008 - DATOS DE LONGITUD FIJA--INFORMACIÓN GENERAL
campo de control de longitud fija 100205s1890 sp |||| | spa d
100 1# - ENTRADA PRINCIPAL--NOMBRE DE PERSONA
Nombre de persona Dicenta, Joaquín,
Fechas asociadas al nombre 1863-1917
9 (RLIN) 44474
245 14 - MENCIÓN DEL TÍTULO
Título Los irresponsables
Resto del título : drama en tres actos y en verso /
Mención de responsabilidad, etc. original de Joaquín Dicenta.
260 ## - PUBLICACIÓN, DISTRIBUCIÓN, ETC.
Lugar de publicación, distribución, etc. Madrid :
Nombre del editor, distribuidor, etc. Florencio Fiscowich,
Fecha de publicación, distribución, etc. 1890 (
Fabricante Imp. de José Rodriguez)
300 ## - DESCRIPCIÓN FÍSICA
Extensión 88 p. ;
Dimensiones 20 cm.
490 1# - MENCIÓN DE SERIE
Mención de serie El teatro: colección de obras dramáticas y líricas
500 ## - NOTA GENERAL
Nota general En port.: Estrenado con extraordinario éxito en el teatro Español la noche del 27 de noviembre de 1890.
830 03 - PUNTO DE ACCESO ADICIONAL DE SERIE-TÍTULO UNIFORME
Título uniforme El teatro: colección de obras dramática y líricas
9 (RLIN) 221753
852 ## - LOCALIZACIÓN
Ubicación ES-MaACL
Número de control de estantería F-8645(2)
Nota libre .- Enc. hol.
-- .- Enc. en un vol. facticio formando parte de la col. facticia "Teatro español moderno" v. 102
Holdings
Estatus retirado Estado de pérdida Estado de daño No para préstamo Colección Biblioteca de origen Biblioteca actual Ubicación en estantería Fecha de adquisición Fuente de adquisición Total de préstamos Signatura topográfica completa Código de barras Visto por última vez Precio de reemplazo Tipo de ítem Koha
        Libros del s. XIX Biblioteca del Ateneo de Madrid Biblioteca del Ateneo de Madrid Sala Pecera Planta 2 05/02/2010     F-8645(2) 1182668 23/02/2023 23/02/2023 Libro impreso antiguo